000 00514nam a22001817a 4500
003 KOHA_MİRAKIL
005 20251221113653.0
008 251221b tu ||||| |||| 00| 0 tur d
020 _a9786259821856
040 _aTR-AnABB
_btur
_cTR-AnABB
041 _atur
082 _a363.25
_bOLA 2024
245 1 0 _aOlay yeri incelemesinde polisin görev ve yetkileri /
260 _aAnkara :
_bPolis Akademisi Yayınları,
_c2024
300 _a66 sayfa ;
_c23 cm
650 0 4 _aOlay yeri inceleme
942 _2ddc
_cBK
999 _c9805
_d9805
900 _bGizem YORULMAZ